LEADER 01258nam0 22003373i 450 001 CFI0189838 005 20231121125445.0 010 $a8815020985 020 $aIT$b92-697 100 $a20060309d1989 ||||0itac50 ba 101 | $aita 102 $ait 181 1$6z01$ai $bxxxe 182 1$6z01$an 200 1 $aAzione sociale e potere$fFranco Crespi 210 $aBologna$cIl Mulino$d[1989] 215 $a217 p.$d22 cm. 225 | $a˜Il œmulino Ricerca$i. Sociologia 410 0$1001CFI0165452$12001 $a˜Il œmulino Ricerca$i. Sociologia 606 $aAzione $2FIR$3RMLC214337$9I 676 $a361.2$9$v21 700 1$aCrespi$b, Franco$f <1930-2022>$3CFIV003672$4070$01354773 801 3$aIT$bIT-01$c20060309 850 $aIT-RM1248 $aIT-FR0017 899 $aBiblioteca Della Fondazione Pietro Nenni$bRM1248 899 $aBiblioteca umanistica Giorgio Aprea$bFR0017 912 $aCFI0189838 950 0$aBiblioteca umanistica Giorgio Aprea$d 52CIS 10/1346$e 52VM 0000179895 VM barcode:00044202. - Inventario:23109 FLSVM$fA $h20021003$i20121204 977 $a 23$a 52 996 $aAzione sociale e potere$93605441 997 $aUNICAS